000 00796nam a22002537a 4500
003 UA-OsUOA
001 28513
007 ta
008 20050404b un ||||| |||| 00| 0 ukr d
100 _aМовчун А.
090 _a81'373.7(075)
_bМ74
942 _cBK
040 _aUA-OsUOA
_bukr
_cUA-OsUOA
_dUA-OsUOA
245 _aМовні скарби
_bвивчення фразеологізмів у школі: навч.-метод. посіб.
300 _a192 с.
_bІлюстрації
955 _a2
041 _aukr
080 _a81'373.7(075)
020 _a966-06-0159-Х
260 _aК.
_bЛибідь
_c2000
044 _aUA
650 7 _a8 Мовознавство. Художня література. Літературознавство
_2UDC
999 _c314882
_d314882